000 00598nam a2200193Ia 4500
008 151119s9999||||xx |||||||||||||| ||und||
082 _a891.463
082 _bGKKV3873
100 _a"काकोडकर, चंद्रकांत"
245 _aसर्कस सुंदरी
260 _a--
260 _b--
260 _c0
600 _a"काकोडकर, चंद्रकांत"
630 _aसर्कस सुंदरी
700 _a"काकोडकर, चंद्रकांत"
730 _aसर्कस सुंदरी
942 _cBOOK
999 _c1059345
_d1059342